EA FC26 All Gold Norway Players - Statistics

General Stats
  • This quiz has been taken 47 times
  • The average score is 10 of 17
Answer Stats
Rate Club Answer % Correct
90 Man City Erling Haaland
100%
87 Arsenal Martin Odegaard
100%
84 Atletico Madrid Alexander Sorloth
90%
77 Bodo/Glimt Patrick Berg
74%
79 Dortmund Julian Ryerson
71%
79 Fulham Sander Berge
71%
78 Wolves Jorgen Strand Larsen
67%
76 Leipzig Antonio Nusa
64%
76 Sevilla Orjan Nyland
57%
80 Benfica Fredrik Aursnes
55%
75 Brentford Kristoffer Ajer
50%
75 Mainz Andreas Hanche-Olsen
33%
75 Toulouse Aron Donnum
31%
75 Sassuolo Kristian Thorstvedt
24%
76 Copenhagen Mohamed Elyounoussi
24%
76 Viking FK Zlatko Tripic
24%
75 Besiktas Jonas Svensson
19%
No matching quizzes found
Score Distribution
Percent of People with Each Score
Percentile by Number Answered
Your Score History
You have not taken this quiz